| 000 | 00359nam a2200109Ia 4500 | ||
|---|---|---|---|
| 008 | 171204s9999 xx 000 0 und d | ||
| 245 | _aBiostatistics in Public Health Using STATA: | ||
| 245 | _cCynthia M. Pérez, Erick L. Suárez, and Graciela M. Nogueras | ||
| 260 | _c2016 | ||
| 650 | _xBiostatistics | ||
| 856 | _uhttp://down.ebook777.com/044/1498721990.pdf | ||
| 999 |
_c346368 _d346368 |
||